Loading...
| Painting/Sculpture | 0 | 8 | 1 | 1 | 75 | 72 | 97.00 | 0 | 0 | 0.00 | 0.00 |
| History - World | 0 | 5 | 1 | 1 | 45 | 13 | 43.40 | 3 | 3 | 0.00 | 0.00 |
| Fine Arts - Classical Music | 0 | 5 | 2 | 0 | 40 | 74 | 87.40 | 0 | 4 | 0.00 | 0.00 |
| Fine Arts - Other | 0 | 4 | 1 | 1 | 35 | 29 | 67.00 | 1 | 3 | 0.00 | 0.00 |
| Science - Chemistry | 0 | 4 | 1 | 0 | 35 | 17 | 49.00 | 1 | 1 | 0.00 | 0.00 |
| History - American | 0 | 3 | 0 | 0 | 30 | 87 | 87.33 | 0 | 0 | 0.00 | 0.00 |
| Religion | 0 | 3 | 0 | 1 | 30 | 88 | 97.00 | 0 | 0 | 0.00 | 0.00 |
| History - European | 0 | 3 | 1 | 1 | 25 | 60 | 88.00 | 0 | 0 | 0.00 | 0.00 |
| Social Science | 0 | 3 | 1 | 0 | 25 | 54 | 72.33 | 0 | 1 | 0.00 | 0.00 |
| Philosophy | 0 | 3 | 1 | 0 | 25 | 31 | 67.33 | 1 | 1 | 0.00 | 0.00 |
| Literature - European | 0 | 2 | 0 | 0 | 20 | 95 | 105.50 | 0 | 0 | 0.00 | 0.00 |
| History - Other | 0 | 2 | 0 | 0 | 20 | 33 | 48.00 | 0 | 2 | 0.00 | 0.00 |
| Science - Other | 0 | 2 | 0 | 0 | 20 | 32 | 32.50 | 2 | 2 | 0.00 | 0.00 |
| Literature - American | 0 | 2 | 0 | 0 | 20 | 80 | 87.50 | 0 | 1 | 0.00 | 0.00 |
| Geography | 0 | 2 | 1 | 1 | 15 | 84 | 94.50 | 0 | 0 | 0.00 | 0.00 |
| Current Events | 0 | 2 | 2 | 1 | 10 | 47 | 63.50 | 0 | 0 | 0.00 | 0.00 |
| Literature - British | 0 | 1 | 0 | 0 | 10 | 93 | 93.00 | 0 | 0 | 0.00 | 0.00 |
| Pop Culture | 0 | 1 | 0 | 0 | 10 | 100 | 100.00 | 0 | 0 | 0.00 | 0.00 |
| Science - Biology | 0 | 1 | 0 | 0 | 10 | 68 | 68.00 | 0 | 0 | 0.00 | 0.00 |
| Science - Physics | 0 | 1 | 1 | 0 | 5 | 35 | 35.00 | 0 | 1 | 0.00 | 0.00 |
| Literature - World | 0 | 1 | 1 | 1 | 5 | 112 | 112.00 | 0 | 0 | 0.00 | 0.00 |
| Mythology | 0 | 0 | 2 | 0 | -10 | 0.00 | 0 | 0 | 0.00 | 0.00 |